BIBLIOTHÈQUE DE LA MAISON DU MEXIQUE

Logo 1 Logo 2

La polca de los osos (notice nᵒ 5385)

détails MARC
000 -Sello discográfico
campo de control de longitud fija 00869nam0a2200277 4500
005 - Identificación de versión
campo de control 20251016083105.0
010 ## - Número Estándar Internacional de Libros (ISBN)
Número (ISBN) 978-970-985-436-7
035 ## - Otros números de control del sistema
Número de control del sistema 32816
099 ## - fechas locales
Tipo de ítem Koha LIBRO
100 ## - Datos de procesamiento general
Datos de procesamiento general 20111122d2008 m y0spay5003 ba
105 ## - Campo de datos codificados: Material textual, monográfico
Datos codificados de monografía y 001cy
200 1# - Título y mención de responsabilidad
Título propio La polca de los osos
Designación general del material texto impreso
Primer mención de responsabilidad Margo Glantz
205 ## - Declaración de edición
Declaración de edición 1a ed
210 ## - Publicación, distribución, etc.
Lugar de publicación, distribución, etc. México
Nombre del editor, distribuidor, etc. Editorial Almadía
Fecha de publicación, distribución, etc. 2008
215 ## - Descripción física
Designación de material específico y extensión del ítem 299 p
Dimensiones 21 cm
320 ## - Nota de índices/bibliografías internas
Texto de la nota Incluye referencias bibliográficas: p.297-299
345 ## - Nota de información de adquisición
Fuente de adquisición/dirección de la suscripción [OBSOLETO] Donación 'Salon du Livre 2009'
606 ## - Término temático usado como materia
Elemento de entrada Literatura
Subdivisión temática Historia y crítica
Número Koha 2213
700 ## - Nombre personal - Responsabilidad primaria
Elemento de entrada Glantz Shapiro
Parte del nombre distinta del elemento de entrada Margo
Fechas 1930-
Número Koha 4303
801 #0 - Fuente de origen
País FR
Agencia cm
Reglas de catalogación (convenciones descriptivas) AFNOR
900 ## -
-- 1/20848
942 ## - ELEMENTOS DE ENTRADA SECUNDARIOS (KOHA)
Tipo de ítem Koha Livre
996 ## -
-- MEX
-- 751145101
-- MMAG
-- 000769
-- 809 G545P
-- 20111122LIV
Exemplaires
Estatus retirado Estado de daño Estado de pérdida Fecha de adquisición Biblioteca de origen Biblioteca actual Ubicación en estantería Código de barras Precio de reemplazo Signatura topográfica completa No para préstamo Tipo de ítem Koha Nota pública Nota no pública
      05/08/2025 Casa México Paris Casa México Paris   000769 05/08/2025 809 G545P   Livre 20111122LIV 751145101